[Event "FIDE World Cup"]
[Site "Krasnaya Polyana"]
[Date "2021.07.13"]
[Round "1.2"]
[White "Adhiban, Baskaran"]
[Black "Chipanga, Chiletso"]
[Result "1-0"]
[WhiteElo "2660"]
[BlackElo "2103"]
[PlyCount "97"]
[EventDate "2021.07.12"]
[EventType "k.o."]
[EventRounds "8"]
[EventCountry "RUS"]
[SourceTitle "CBM 203"]
[Source "ChessBase"]
[SourceDate "2021.08.31"]
[SourceVersion "1"]
[SourceVersionDate "2021.08.31"]
[SourceQuality "1"]

1. d4 d5 2. Bf4 Nf6 3. e3 Bf5 4. c4 e6 5. Nc3 c6 6. Qb3 Qb6 7. c5 Qxb3 8. axb3 Nbd7 9. b4 Nh5 10. Bg3 Nxg3 11. hxg3 e5 12. Nf3 exd4 13. Nxd4 Bg6 14. b5 Bxc5 15. bxc6 bxc6 16. Nxc6 0-0 17. Nxd5 Be4 18. Rd1 Rfe8 19. Bd3 Bxd3 20. Rxd3 Rac8 21. Nd4 Ne5 22. Rd1 Bxd4 23. Rxd4 Rc1+ 24. Rd1 Rxd1+ 25. Kxd1 Nd3 26. Ke2 Nxb2 27. Ra1 Rb8 28. Rxa7 h6 29. Rc7 Rb5 30. e4 Na4 31. Ne7+ Kh7 32. Nf5 Nc5 33. f3 Rb2+ 34. Kf1 Rb1+ 35. Ke2 Rb2+ 36. Kd1 Nd3 37. Rxf7 Rxg2 38. Rxg7+ Kh8 39. Rg6 Nb2+ 40. Kc1 Nd3+ 41. Kb1 Rb2+ 42. Ka1 Rf2 43. Rxh6+ Kg8 44. f4 Nc5 45. e5 Re2 46. Rc6 Nd3 47. Rg6+ Kh7 48. Rh6+ Kg8 49. e6 1-0

[Event "Africa-ch"]
[Site "Lilongwe"]
[Date "2021.05.20"]
[Round "3"]
[White "Chipanga, Chiletso"]
[Black "Nyambalo, Joseph Xavier"]
[Result "1-0"]
[WhiteElo "2043"]
[BlackElo "2032"]
[PlyCount "61"]
[EventDate "2021.05.18"]
[EventType "swiss"]
[EventRounds "9"]
[EventCountry "MWI"]
[SourceTitle "CBM 202 Extra"]
[Source "ChessBase"]
[SourceDate "2021.07.31"]
[SourceVersion "1"]
[SourceVersionDate "2021.07.31"]
[SourceQuality "1"]

1. e4 c5 2. Nc3 Nc6 3. Bb5 Nd4 4. Bc4 g6 5. Nce2 Bg7 6. c3 Nxe2 7. Qxe2 e6 8. f4 Ne7 9. d3 0-0 10. Nf3 d5 11. Bb3 b5 12. e5 c4 13. Bc2 f6 14. exf6 Bxf6 15. d4 b4 16. 0-0 bxc3 17. bxc3 Nf5 18. g4 Nd6 19. a4 Bd7 20. Ba3 Qc7 21. Ne5 Rfe8 22. h4 Nf7 23. g5 Be7 24. h5 Nxe5 25. fxe5 Bxa3 26. Rxa3 gxh5 27. Qxh5 Re7 28. Raa1 Rf8 29. Rf6 Qa5 30. Rf3 Qd8 31. Rg3 1-0

[Event "Africa-ch U2300 op"]
[Site "Windhoek"]
[Date "2019.01.03"]
[Round "5.5"]
[White "Abera, Aydagnuhem Gezachew"]
[Black "Chipanga, Chiletso"]
[Result "1-0"]
[WhiteElo "2103"]
[BlackElo "2090"]
[PlyCount "55"]
[EventDate "2018.12.31"]
[EventType "swiss"]
[EventRounds "9"]
[EventCountry "NAM"]
[SourceTitle "EXT 2024"]
[Source "ChessBase"]
[SourceDate "2023.10.10"]
[SourceVersion "1"]
[SourceVersionDate "2023.10.10"]
[SourceQuality "1"]

1. e4 c5 2. Nf3 Nc6 3. Bb5 Qc7 4. Nc3 Nf6 5. 0-0 e6 6. Re1 Be7 7. d4 cxd4 8. Nxd4 0-0 9. Bg5 d6 10. Qd2 e5 11. Bxf6 Bxf6 12. Nd5 Qd8 13. Nxc6 bxc6 14. Nxf6+ Qxf6 15. Bxc6 Rb8 16. b3 Qg6 17. Re3 f5 18. Rg3 Qf6 19. exf5 Bxf5 20. Rd1 Rbd8 21. c4 Kh8 22. Qg5 Qf7 23. Bd5 Qc7 24. h3 Bg6 25. Qe3 Rf6 26. Rf3 Rdf8 27. Rxf6 Rxf6 28. b4 1-0

[Event "Olympiad-43"]
[Site "Batumi"]
[Date "2018.09.30"]
[Round "6.67"]
[White "Song, Raymond"]
[Black "Chipanga, Chiletso"]
[Result "1-0"]
[WhiteElo "2305"]
[BlackElo "2153"]
[PlyCount "73"]
[EventDate "2018.09.24"]
[EventType "team-swiss"]
[EventRounds "11"]
[EventCountry "GEO"]
[SourceTitle "CBM 187"]
[Source "ChessBase"]
[SourceDate "2018.12.11"]
[SourceVersion "1"]
[SourceVersionDate "2018.12.11"]
[SourceQuality "1"]
[WhiteTeam "Chinese Taipei"]
[BlackTeam "Malawi"]
[WhiteTeamCountry "TPE"]
[BlackTeamCountry "MWI"]

1. e4 c5 2. Nf3 Nc6 3. Bb5 Qc7 4. 0-0 e6 5. Re1 Nge7 6. c3 d5 7. exd5 Nxd5 8. d4 cxd4 9. Nxd4 Be7 10. Nxc6 bxc6 11. Bd3 0-0 12. Qh5 f5 13. Bc4 e5 14. Nd2 g6 15. Qh6 e4 16. f3 Qe5 17. fxe4 Bc5+ 18. Kh1 fxe4 19. Rxe4 Qc7 20. Nf3 Bf5 21. Rh4 Rae8 22. Bf4 Qb7 23. Nd4 Rf7 24. Bb3 Bf8 25. Qg5 Be7 26. Qg3 Bxh4 27. Qxh4 Re4 28. Qd8+ Rf8 29. Qd6 Kg7 30. Bh6+ Kxh6 31. Qxf8+ Kg5 32. Nxf5 gxf5 33. Rf1 Qd7 34. h3 Ne3 35. Rf3 f4 36. h4+ Kg4 37. Qg8+ 1-0

[Event "Olympiad-43"]
[Site "Batumi"]
[Date "2018.09.24"]
[Round "1.28"]
[White "Mekhitarian, Krikor Sevag"]
[Black "Chipanga, Chiletso"]
[Result "1-0"]
[WhiteElo "2543"]
[BlackElo "2153"]
[PlyCount "55"]
[EventDate "2018.09.24"]
[EventType "team-swiss"]
[EventRounds "11"]
[EventCountry "GEO"]
[SourceTitle "CBM 187"]
[Source "ChessBase"]
[SourceDate "2018.12.11"]
[SourceVersion "1"]
[SourceVersionDate "2018.12.11"]
[SourceQuality "1"]
[WhiteTeam "Brazil"]
[BlackTeam "Malawi"]
[WhiteTeamCountry "BRA"]
[BlackTeamCountry "MWI"]

1. d4 d5 2. c4 c6 3. Nf3 Nf6 4. e3 e6 5. Bd3 Bd6 6. 0-0 dxc4 7. Bxc4 b5 8. Bd3 Bb7 9. e4 Be7 10. Qe2 a6 11. Rd1 Nbd7 12. Nc3 c5 13. d5 exd5 14. e5 Ng8 15. e6 fxe6 16. Qxe6 Qb6 17. Qh3 g6 18. Re1 Nf8 19. Bg5 h6 20. Re5 Rh7 21. Bxe7 Nxe7 22. Rae1 Kd8 23. Qh4 Qd6 24. Bb1 g5 25. Qg3 Rf7 26. Rxd5 Qxd5 27. Nxd5 Bxd5 28. Qd6+ 1-0

[Event "World Amateur-ch U2300"]
[Site "Cagliari"]
[Date "2018.04.26"]
[Round "6"]
[White "Chipanga, Chiletso"]
[Black "Singh, Arvinder Preet"]
[Result "1-0"]
[WhiteElo "2126"]
[BlackElo "2084"]
[PlyCount "111"]
[EventDate "2018.04.22"]
[EventType "swiss"]
[EventRounds "9"]
[EventCountry "ITA"]
[SourceTitle "CBM 184 Extra"]
[Source "ChessBase"]
[SourceDate "2018.06.28"]
[SourceVersion "1"]
[SourceVersionDate "2018.06.28"]
[SourceQuality "1"]

1. e4 c5 2. Nf3 d6 3. Bc4 Nf6 4. d3 Nc6 5. h3 e6 6. Bb3 Be7 7. 0-0 0-0 8. c3 b5 9. Qe2 b4 10. d4 bxc3 11. bxc3 cxd4 12. cxd4 Nb4 13. Rd1 Ba6 14. Qe3 d5 15. e5 Ne4 16. a3 Nc6 17. Bc2 Na5 18. Bxe4 dxe4 19. Nfd2 Bg5 20. Qxe4 f5 21. Qe1 Rc8 22. Bb2 Rc2 23. Bc3 Nc4 24. Bb4 Rf7 25. Nxc4 Bxc4 26. Nc3 a5 27. Bc5 Bh4 28. d5 exd5 29. Rab1 Be7 30. Bxe7 Rxe7 31. Qe3 f4 32. Qd4 Rc7 33. Ne4 h6 34. Nd6 Ba2 35. Rb5 Kh7 36. Qxf4 Qg5 37. Qd4 Re7 38. Qd3+ Qg6 39. Qd4 Qg5 40. Rb6 Re6 41. Qd3+ Qg6 42. Qxg6+ Kxg6 43. f4 Kh7 44. Rb7 h5 45. Nf7 Rec6 46. f5 d4 47. Rxd4 Bxf7 48. Rxf7 Re2 49. Rdd7 Rxe5 50. Rxg7+ Kh6 51. Rdf7 h4 52. Rg4 Rc1+ 53. Kh2 Rc6 54. Rxh4+ Kg5 55. Rg4+ Kh6 56. f6 1-0

[Event "World Amateur-ch U2300"]
[Site "Cagliari"]
[Date "2018.04.25"]
[Round "5"]
[White "Ehab, Mohamed"]
[Black "Chipanga, Chiletso"]
[Result "0-1"]
[WhiteElo "2002"]
[BlackElo "2126"]
[PlyCount "76"]
[EventDate "2018.04.22"]
[EventType "swiss"]
[EventRounds "9"]
[EventCountry "ITA"]
[SourceTitle "CBM 184 Extra"]
[Source "ChessBase"]
[SourceDate "2018.06.28"]
[SourceVersion "1"]
[SourceVersionDate "2018.06.28"]
[SourceQuality "1"]

1. Nf3 d5 2. d4 c5 3. e3 Nc6 4. c3 Bg4 5. Nbd2 e6 6. Bb5 a6 7. Bxc6+ bxc6 8. Qa4 Rc8 9. Qxa6 Bf5 10. Ne5 Ne7 11. dxc5 f6 12. Nef3 e5 13. b4 g5 14. Nb3 Ra8 15. Qe2 Bg7 16. Bb2 0-0 17. 0-0 Qe8 18. Nfd2 Qg6 19. e4 dxe4 20. Rfe1 e3 21. fxe3 Bd3 22. Qf2 f5 23. c4 Qe6 24. Qg3 h6 25. e4 Rad8 26. Nd4 exd4 27. exf5 Qxf5 28. Rxe7 Rde8 29. Rxg7+ Kxg7 30. Bxd4+ Kg6 31. Nf3 Kh7 32. Qc7+ Rf7 33. Qxc6 Re2 34. Qd5 Qf4 35. Be5 Qe3+ 36. Kh1 Re1+ 37. Rxe1 Qxe1+ 38. Ng1 Qxg1+ 0-1

[Event "World Amateur-ch U2300"]
[Site "Cagliari"]
[Date "2018.04.23"]
[Round "3"]
[White "Chipanga, Chiletso"]
[Black "Caetano, Hugo Zanotti Mendon"]
[Result "1-0"]
[WhiteElo "2126"]
[BlackElo "2208"]
[PlyCount "133"]
[EventDate "2018.04.22"]
[EventType "swiss"]
[EventRounds "9"]
[EventCountry "ITA"]
[SourceTitle "CBM 184 Extra"]
[Source "ChessBase"]
[SourceDate "2018.06.28"]
[SourceVersion "1"]
[SourceVersionDate "2018.06.28"]
[SourceQuality "1"]

1. e4 c5 2. Bc4 Nc6 3. Nf3 g6 4. 0-0 Bg7 5. c3 e6 6. d4 cxd4 7. cxd4 d5 8. exd5 exd5 9. Bb5 Nge7 10. h3 0-0 11. Nc3 Nf5 12. Bxc6 bxc6 13. Bf4 Re8 14. Qd2 Nd6 15. Ne5 Ba6 16. Rfe1 Nc4 17. Nxc4 Bxc4 18. Rxe8+ Qxe8 19. Re1 Qf8 20. Na4 Bxa2 21. Nc5 Bc4 22. Be5 Re8 23. Bxg7 Kxg7 24. Nd7 Rxe1+ 25. Qxe1 Qd6 26. Qe8 Bb5 27. Nc5 a5 28. b3 h5 29. g3 Qf6 30. Qe3 Qf5 31. Kh2 Bf1 32. Qe5+ Qxe5 33. dxe5 g5 34. g4 h4 35. Kg1 Bb5 36. f3 Kf8 37. Kf2 d4 38. Ne4 Ke7 39. Nxg5 f6 40. exf6+ Kxf6 41. f4 Bd3 42. Nf3 c5 43. Ne5 Bb5 44. Kf3 Bf1 45. Nd7+ Ke6 46. Nxc5+ Kd5 47. Nb7 Bxh3 48. Nxa5 Bf1 49. g5 Bb5 50. b4 d3 51. Nb3 Kc4 52. Nd2+ Kc3 53. Ne4+ Kc2 54. Kg4 Bc6 55. Nf2 d2 56. Kxh4 Kb3 57. f5 Kxb4 58. f6 Be8 59. Kg4 Bg6 60. Kf4 Kc4 61. Ke5 Bh5 62. Ke6 Bg4+ 63. Nxg4 Kd3 64. f7 Ke2 65. f8Q d1Q 66. Qf2+ Kd3 67. Qf3+ 1-0

[Event "Olympiad-42"]
[Site "Baku"]
[Date "2016.09.10"]
[Round "8.3"]
[White "Chipanga, Chiletso"]
[Black "Sikivou, Taione"]
[Result "1-0"]
[WhiteElo "2082"]
[BlackElo "1812"]
[PlyCount "82"]
[EventDate "2016.09.02"]
[EventType "team-swiss"]
[EventRounds "11"]
[EventCountry "AZE"]
[SourceTitle "CBM 175"]
[Source "ChessBase"]
[SourceDate "2016.11.10"]
[SourceVersion "1"]
[SourceVersionDate "2016.11.10"]
[SourceQuality "1"]
[WhiteTeam "Malawi"]
[BlackTeam "Fiji"]
[WhiteTeamCountry "MWI"]
[BlackTeamCountry "FIJ"]

1. e4 c6 2. c4 d5 3. cxd5 cxd5 4. exd5 Nf6 5. Nc3 Nxd5 6. Nf3 Nc6 7. Bc4 Nb6 8. Bb3 e6 9. d4 Be7 10. 0-0 0-0 11. Bf4 a6 12. Re1 Bf6 13. Be3 Na5 14. Bc2 Nbc4 15. Bc1 b5 16. Ne4 Be7 17. Qd3 g6 18. b3 Nd6 19. Bh6 Re8 20. Bg5 Nxe4 21. Bxe7 Rxe7 22. Rxe4 Bb7 23. Rh4 Rd7 24. Rf4 Nc6 25. Qe3 Nb4 26. Be4 Nd5 27. Bxd5 Bxd5 28. Ne5 Rc7 29. Ng4 f5 30. Ne5 Rac8 31. h4 Rc3 32. Qd2 a5 33. Qe2 Qc7 34. Kh2 Qb7 35. Rd1 a4 36. g4 Qe7 37. gxf5 exf5 38. Qxb5 Be4 39. Qd7 Qf6 40. Re1 R3c7 41. Qxa4 Qf8 1-0

[Event "Olympiad-41"]
[Site "Tromsoe"]
[Date "2014.08.02"]
[Round "1.1"]
[White "Bachmann, Axel"]
[Black "Chipanga, Chiletso"]
[Result "1-0"]
[WhiteElo "2644"]
[BlackElo "2060"]
[PlyCount "57"]
[EventDate "2014.08.02"]
[EventType "team-swiss"]
[EventRounds "11"]
[EventCountry "NOR"]
[SourceTitle "CBM 162"]
[Source "ChessBase"]
[SourceDate "2014.09.17"]
[SourceVersion "1"]
[SourceVersionDate "2014.09.17"]
[SourceQuality "1"]
[WhiteTeam "Paraguay"]
[BlackTeam "Malawi"]
[WhiteTeamCountry "PAR"]
[BlackTeamCountry "MWI"]

1. Nf3 Nf6 2. c4 c5 3. Nc3 Nc6 4. d4 cxd4 5. Nxd4 g6 6. g3 Bg7 7. Bg2 0-0 8. 0-0 Ng4 9. e3 Nge5 10. b3 d6 11. Nde2 Be6 12. Bb2 Qc8 13. f4 Ng4 14. Qd2 f5 15. Nd4 Bf7 16. Nd5 Re8 17. h3 Nf6 18. Nb5 Nxd5 19. cxd5 Bxb2 20. dxc6 bxc6 21. Qxb2 cxb5 22. Rac1 Qe6 23. Bxa8 Qxe3+ 24. Kh2 Rxa8 25. Rfe1 Qb6 26. Rxe7 Re8 27. Rxe8+ Bxe8 28. Qe2 Bd7 29. h4 1-0

[Event "Windhoek zt 4.3"]
[Site "Windhoek"]
[Date "2014.06.25"]
[Round "4"]
[White "Eichab, Charles Sidney"]
[Black "Chipanga, Chiletso"]
[Result "0-1"]
[WhiteElo "2060"]
[BlackElo "2048"]
[PlyCount "68"]
[EventDate "2014.06.23"]
[EventType "swiss"]
[EventRounds "9"]
[EventCountry "NAM"]
[SourceTitle "EXT 2015"]
[Source "ChessBase"]
[SourceDate "2014.11.20"]
[SourceVersion "1"]
[SourceVersionDate "2014.11.20"]
[SourceQuality "1"]

1. c4 c5 2. g3 Nc6 3. Bg2 g6 4. Nc3 Bg7 5. a3 d6 6. Rb1 Bd7 7. d3 Nh6 8. Bd2 Nf5 9. b4 cxb4 10. axb4 a6 11. Nf3 Rb8 12. b5 axb5 13. Nxb5 0-0 14. 0-0 Ne5 15. Nxe5 dxe5 16. Na7 Qc7 17. Re1 Nd4 18. h4 Rfd8 19. Bc3 Nf5 20. Nb5 Qc8 21. Qb3 Ra8 22. Ra1 Qc5 23. Qb4 Qxb4 24. Bxb4 Rxa1 25. Rxa1 Bxb5 26. cxb5 e4 27. Ra3 exd3 28. exd3 b6 29. g4 Nd6 30. Bc6 Bf6 31. Ra6 Bd4 32. Bg2 Kg7 33. Bd2 h5 34. Ra4 e5 0-1

[Event "Olympiad-40"]
[Site "Istanbul"]
[Date "2012.08.29"]
[Round "2.1"]
[White "Mohamed, Hassan1111"]
[Black "Chipanga, Chiletso"]
[Result "1-0"]
[WhiteElo "1790"]
[BlackElo "2116"]
[PlyCount "67"]
[EventDate "2012.08.28"]
[EventType "team-swiss"]
[EventRounds "11"]
[EventCountry "TUR"]
[SourceTitle "CBM 151"]
[Source "ChessBase"]
[SourceDate "2012.11.13"]
[SourceVersion "1"]
[SourceVersionDate "2012.11.13"]
[SourceQuality "1"]
[WhiteTeam "Maldives"]
[BlackTeam "Malawi"]
[WhiteTeamCountry "MDV"]
[BlackTeamCountry "MWI"]

1. e4 c5 2. Nf3 Nc6 3. Nc3 e6 4. a3 Nd4 5. Bc4 a6 6. Nxd4 cxd4 7. Ne2 b5 8. Bb3 Bc5 9. 0-0 Ne7 10. d3 Ng6 11. Nf4 Qc7 12. Qf3 Bb7 13. Nh5 0-0 14. Qg4 f5 15. exf5 Rxf5 16. Qxf5 Bxg2 17. Qg4 Bb7 18. Ng3 Rf8 19. f4 Kh8 20. Bd2 a5 21. a4 b4 22. Rae1 Bd6 23. f5 Ne5 24. Rxe5 Bxe5 25. fxe6 Rxf1+ 26. Kxf1 dxe6 27. Qxe6 Qb8 28. Qf7 Bc6 29. Bg5 Bf6 30. Qxf6 Bxa4 31. Nh5 Qg8 32. Bxa4 h6 33. Qxg7+ Qxg7 34. Nxg7 1-0

[Event "Olympiad-39"]
[Site "Khanty-Mansiysk"]
[Date "2010.09.23"]
[Round "3.2"]
[White "Chipanga, Chiletso"]
[Black "Yamada, Kohei"]
[Result "1-0"]
[WhiteElo "2138"]
[BlackElo "2071"]
[PlyCount "93"]
[EventDate "2010.09.21"]
[EventType "team-swiss"]
[EventRounds "11"]
[EventCountry "RUS"]
[SourceTitle "CBM 139"]
[Source "ChessBase"]
[SourceDate "2010.11.18"]
[SourceVersion "1"]
[SourceVersionDate "2010.11.18"]
[SourceQuality "1"]
[WhiteTeam "Malawi"]
[BlackTeam "Japan"]
[WhiteTeamCountry "MWI"]
[BlackTeamCountry "JPN"]

1. e4 e6 2. c4 d5 3. cxd5 exd5 4. exd5 Nf6 5. Nf3 Nxd5 6. Nc3 Be7 7. d4 0-0 8. Bd3 Nc6 9. h3 Bf6 10. 0-0 Ndb4 11. Bb1 Nxd4 12. Ne4 Nxf3+ 13. Qxf3 Be5 14. Qh5 f5 15. Ng5 h6 16. a3 Nd5 17. Rd1 c6 18. Nf3 Bf6 19. Nd4 Bg5 20. Ba2 Bxc1 21. Raxc1 Bd7 22. Qf3 Kh8 23. Bxd5 cxd5 24. Qxd5 Ba4 25. Qxd8 Raxd8 26. b3 Bd7 27. f4 Rf6 28. Nf3 Rff8 29. Ne5 Be6 30. Ng6+ Kg8 31. Nxf8 Rxf8 32. Rd6 Rf6 33. b4 Bf7 34. Rc8+ Kh7 35. Rxf6 gxf6 36. Rc7 Kg6 37. Rxb7 a6 38. Rc7 Bd5 39. Kf2 Kh5 40. Rg7 Bb3 41. Ke3 Ba4 42. Kd4 Bc6 43. Kc5 Bb5 44. Kd6 Ba4 45. Ke6 Bc2 46. Kxf6 Bd3 47. Ke5 1-0